Регионална библиотека "Любен Каравелов" - Русе

Плюм (Запис номер 487724)

MARC детайли
000 -Лидер
Контролно поле с фиксирана дължина 01267nam a2200301 a 4500
003 - Код на организацията, давaща контролен номер
Контролно поле BLK
005 - Дата и час на последна редакция
Контролно поле 20230717154947.0
008 - Елементи от данни с фиксирана дължина
fixed length control field 180409b bul|||||r ||||||| ||bul||
010 ## - Наследен системен номер
LC control number KNG00141321000
020 ## - Международен стандартен номер на книга ISBN
Международен стандартен номер на книга ISBN 9786192590444
040 ## - Източник на каталожния запис
Идентификатор на билиотеката - собственик на записа BLK
041 ## - Код за език
Код за езика на текст/звукозапис или на отделно заглавие Български
Код за езика КДБФ Български
080 ## - УДК
Текстов определител УДК Френска литература
УДК код - определител по УДК 821.133.1
УДК определител -8
УДК - код + определител 821.133.1-8
100 ## - Редна дума - Автор
R(LIN) 1299
Автор Мишо, Анри
Авторска отговорност първи автор
139 ## - Редно поле
Редна дума Мишо, Анри
Авторски знак Михо - М 76
245 10 - Сведения за заглавието
Заглавие Плюм
Подзаглавни данни избрано
Редно поле (дума) Анри Мишо ; прев. от фр. Красимир Кавалджиев.
260 ## - Област на издателските данни
Място на издаване, разпространение и проч. София
Име на издателя, разпространителя и проч. ЕРГО
Година на издаване 2022
9 (RLIN) 212573
Издателство - префикс ISBN 978-954-92279- ; 978-954-8689- ; 954-8918-
Печатница (София : Дайрект сървисиз)
300 ## - Физическа характеристика
Страници 164 с.
Размери/Мащаб 20 см
380 ## - Жанр
Жанр Худож. лит.
490 ## - СЕРИИ (Колекции)
9 (RLIN) 204002
Име на серия Модерна европейска проза
500 ## - Общи забележки
Забележка Ориг. загл.: Plume / Henri Michaux. - Биогр. данни за авт. отбелязани на 3-та кор.
700 ## - Други автори (авторска отговорност)
Лично име Кавалджиев, Красимир Стефанов
Автороска отговорност (Описва отношението между автора и произведението) прев. от фр.
9 (RLIN) 268820
852 ## - Местоположение
Форматна сигнатура Цб 315841
Фондова буква Хранилище
856 ## - Електронен адрес и достъп
Инструкция (цена за достъп) 0.00
Права за достъп disable
999 ## - СИСТЕМНИ КОНТРОЛНИ НОМЕРА
Koha biblionumber 487724
Koha biblioitemnumber 487724
942 ## - АРТИКУЛИ
Вид на библиотечния материал Книги
Скрит в OPAC Не
Периодичен библиозапис Да
Koha issues (borrowed), all copies 4
944 ## - СЪЗДАВАНЕ И РЕДАКЦИЯ на ЗАПИСА
Създаване/Редакция Създаване
Дата на регистрацията/редакция 2022-12-16
Служител, извършил регистрацията/редакцията 30564
Статус, дата на статуса Галина Якимова
999 ## - СИСТЕМНИ КОНТРОЛНИ НОМЕРА
Koha biblioitemnumber 487724
Наличности
Код за отписване Код за изгубен артикул Източник на класификационната схема Код за повреда Коз за рестрикции Код за отдаване Артикулен № Име на библиотеката - собственик Име на библиотеката, в която се намира в момента Статус (Текущо местоположение) Дата на вписване в системата Местоположение - отдел Цена в лева Систематично азбучна сигнатура Баркод Цена в евро Служебен тип на артикула Инвентарен номер
  Не е изгубен Universal Decimal Classification Не е повреден само за читалня ползва се в читалня 921013 Регионална библиотека "Любен Каравелов" Русе Регионална библиотека "Любен Каравелов" Русе Хранилище 2022-12-20 Хранилище 16.00 Цб 315841 120000880912 8.18 Книги  
  Не е изгубен Universal Decimal Classification Не е повреден без рестрикции заемане за дома 927570 Регионална библиотека "Любен Каравелов" Русе Регионална библиотека "Любен Каравелов" Русе Заемна - подръчен фонд 2023-04-28 Заемна - подръчен фонд 16.00 821-8/М 76 А 120000886759 8.18 Книги 120000886759
Vip Innovations Ltd, Rousse, Bulgaria 2025